Τα μορφωτικά αγαθά του δημοτικού μας σχολείου σε μεθοδικές ενότητες

Αποθηκεύτηκε σε:
Λεπτομέρειες βιβλιογραφικής εγγραφής
Κύριος συγγραφέας: Μπάρμπας, Βάσος
Μορφή: Βιβλίο
Γλώσσα:Greek
Δημοσίευση: Ιωάννινα : [χ.ό.], 1955
Θέματα:
Ετικέτες: Προσθήκη ετικέτας
Δεν υπάρχουν, Καταχωρήστε ετικέτα πρώτοι!

MARC

LEADER 00000cam a2200000 i 4500
001 1/92721
008 080828s1955 gre d
035 |l 10099735 
040 |a GR-MY-UA  |b gre  |e aacr 
041 0 |a gre 
082 0 |a 371.1  |2 (22) 
100 1 |a Μπάρμπας, Βάσος. 
245 1 3 |a Τα μορφωτικά αγαθά του δημοτικού μας σχολείου σε μεθοδικές ενότητες /  |c Βασιλείου Μπάρμπα 
260 |a Ιωάννινα :   |b [χ.ό.],   |c 1955 
300 |a 109 σ.;  |c 20 εκ. 
650 0 0 |a Education, Elementary  |x Curricula. 
650 0 0 |a Education, Elementary  |x Activity programs. 
650 0 0 |a Teaching  |x Methodology. 
852 |a INST  |b RHODES  |c AKA  |e 20080828  |h  371.1 ΜΠΑ  |p 005400027468  |q 005400027468  |t BK  |y 0 
901 |a BIBL4-2008-2 
909 |a Ρ  |b 152815 
970 |a ΧΑΡΙΟΠΟΛΙΤΟΥ  |b ΚΩΝΣΤΑΝΤΙΝΑ  |z 2008/08/28